| 000 | 01575namaa22003251i 4500 | ||
|---|---|---|---|
| 003 | EG-GICUC | ||
| 005 | 20260504130618.0 | ||
| 008 | 260504s1993 le ah||jr|||| 001 0 ara d | ||
| 040 |
_aEG-GiCUC _bara _cEG-GiCUC _dEG-GiCUC _erda |
||
| 082 | 0 | 4 |
_221 _a811.3 _bD535s 1993 |
| 092 | 0 | 4 |
_221 _a811.3 _bD535s 1993 |
| 099 | _a811.3 D535s 1993 | ||
| 100 | 1 |
_aصاحب الاصمعى، ابى نصر احمد بن حاتم الباهلى _eمؤلف. |
|
| 245 | 1 | 0 |
_aديوان ذى الرمة / _cغيلان بن عقبة العدوى ؛ شرح الامام ابى نصر احمد بن حاتم الباهلى صاحب الاصمعى رواية الامام ابى عباس ثعلب ؛ حققه وقدم له وعلق عليه عبد القدوس ابو صالح |
| 246 | 3 | 0 | _a ذى الرمة |
| 260 |
_aالطبعة الثالثة ؛ _bمزيدة ومنقحة. |
||
| 264 |
_aبيروت : _bمؤسسة الرسالة، _c1993. |
||
| 300 |
_a3مجلدات _bإيضاحيات، مثيليات ؛ _c24 سم. |
||
| 336 |
_2rdacontent _atext |
||
| 337 |
_2rdamedia _aUnmediated |
||
| 338 |
_2rdacarrier _avolume |
||
| 504 | _aيشتمل على ارجاعات ببليوجرافية وهوامش. | ||
| 541 |
_aد. جابر عصفور ؛ _bالقاهرة ؛ _cإهداء ؛ _d2024. |
||
| 600 |
_aذوالرمة، غيلان بن عقبة، _d696-735. |
||
| 650 | 1 | 7 |
_aالشعر العربى _xتاريخ و نقد _yالعصر الاموى _2qrmak |
| 651 | 1 | _2qrmak | |
| 700 | 1 |
_aابو صالح، عبد القدوس _eمحقق. |
|
| 905 | _aNoha | ||
| 942 |
_2ddc _cREF _e21 _n0 |
||
| 999 |
_c179956 _d179956 |
||